[Event "Januariturneringen"]
[Site "?"]
[Date "2007.01.07"]
[Round "4"]
[White "Fuentes, Ruben"]
[Black "Kling, Anders"]
[Result "1/2-1/2"]
[WhiteElo "1986"]
[BlackElo "2266"]
[PlyCount "112"]
[EventDate "2007.??.??"]

1. e4 e5 2. Nf3 Nc6 3. d4 exd4 4. Nxd4 Nf6 5. Nxc6 bxc6 6. e5 Qe7 7. Qe2 Nd5 8.
c4 Ba6 9. b3 g5 10. Bb2 Nf4 11. Qe3 Bg7 12. Nd2 Ng6 13. O-O-O Bxe5 14. Re1
Bxb2+ 15. Kxb2 Qxe3 16. Rxe3+ Kf8 17. Ne4 h6 18. Nc5 Bc8 19. Bd3 Nf4 20. Rhe1
Ne6 21. b4 Rb8 22. Kc3 d6 23. Nb3 Bd7 24. Bf5 Kg7 25. Nd4 Nxd4 26. Bxd7 c5 27.
bxc5 dxc5 28. Re5 Rhd8 29. Bg4 Rb4 30. Rxc5 Ra4 31. Rxc7 Rxa2 32. Ree7 Rc2+ 33.
Kb4 Rxf2 34. Bf3 Rb8+ 35. Kc3 Nxf3 36. Rxf7+ Kg6 37. gxf3 Rxh2 38. Rxa7 Rf2 39.
c5 Rf1 40. Kc4 Rc8 41. Rac7 Rxc7 42. Rxc7 Rxf3 43. c6 g4 44. Rc8 Kh5 45. Rg8
Rf7 46. Kd5 Kh4 47. Kd6 h5 48. c7 Rxc7 49. Kxc7 Kg3 50. Kd6 h4 51. Ke5 h3 52.
Kf5 h2 53. Rxg4+ Kh3 54. Rg8 h1=Q 55. Rh8+ Kg2 56. Rxh1 Kxh1 1/2-1/2

[Event "Januariturneringen"]
[Site "?"]
[Date "2007.01.07"]
[Round "4"]
[White "Kärrlander, Gunnar"]
[Black "Persson, Per"]
[Result "0-1"]
[WhiteElo "1868"]
[BlackElo "1997"]
[PlyCount "40"]
[EventDate "2007.??.??"]

1. d4 Nf6 2. Nf3 b6 3. Bf4 Bb7 4. e3 e6 5. Bd3 Be7 6. Nbd2 d6 7. c3 Nbd7 8. h3
O-O 9. e4 c5 10. Qe2 Qc7 11. e5 Nd5 12. Bg3 cxd4 13. exd6 Bxd6 14. Bxd6 Qxd6
15. Bxh7+ Kxh7 16. Ng5+ Kg6 17. g3 dxc3 18. Nde4 cxb2 19. Rb1 Qb4+ 20. Kf1 Rac8
0-1

[Event "Januariturneringen"]
[Site "?"]
[Date "2007.01.07"]
[Round "4"]
[White "Stegeby, Henrik"]
[Black "Heijdenberg, Ronny"]
[Result "1-0"]
[WhiteElo "1830"]
[BlackElo "1649"]
[PlyCount "41"]
[EventDate "2007.??.??"]

1. e4 e5 2. Nf3 Nc6 3. Bc4 Nf6 4. Ng5 d5 5. exd5 Na5 6. Bb5+ c6 7. dxc6 bxc6 8.
Qf3 Bb7 9. Bd3 c5 10. Bb5+ Ke7 11. Qg3 Qd6 12. d3 h6 13. Nf3 Bxf3 14. Qxf3 Rb8
15. Nc3 g5 16. O-O a6 17. Ba4 Bg7 18. Re1 Nd7 19. Ne4 Qd5 20. Bxd7 Kxd7 21.
Nf6+ 1-0

[Event "Januariturneringen"]
[Site "?"]
[Date "2007.01.07"]
[Round "4"]
[White "Ahlin, Jim"]
[Black "Nilsson, Dennis"]
[Result "1/2-1/2"]
[WhiteElo "1865"]
[BlackElo "2070"]
[PlyCount "118"]
[EventDate "2007.??.??"]

1. d4 Nf6 2. e3 d5 3. Bd3 Bg4 4. Ne2 e6 5. O-O Bd6 6. Qe1 Bh5 7. Ng3 Bg6 8. Nd2
Nbd7 9. e4 dxe4 10. Ndxe4 Be7 11. c3 c6 12. f4 Nxe4 13. Nxe4 O-O 14. Qe2 Nf6
15. Bd2 Nxe4 16. Bxe4 Bxe4 17. Qxe4 Qd5 18. Rae1 Bd6 19. b3 Rad8 20. Qxd5 exd5
21. Kf2 Rfe8 22. Kf3 f5 23. g4 g6 24. gxf5 gxf5 25. Rg1+ Kf7 26. Rg5 Kf6 27.
Rh5 Rxe1 28. Bxe1 Rh8 29. Rh6+ Ke7 30. Bh4+ Kd7 31. Bf6 Rf8 32. Rxh7+ Ke6 33.
Be5 Be7 34. Rh6+ Kf7 35. Bd6 Bxd6 36. Rxd6 Rb8 37. h4 Kg7 38. h5 Rh8 39. Rd7+
Kf6 40. Rxb7 Rxh5 41. Kg3 Rh1 42. Rc7 Rg1+ 43. Kf2 Rg4 44. Rxc6+ Kg7 45. Kf3
Rg1 46. c4 Rd1 47. Rd6 Rd3+ 48. Ke2 Rxd4 49. Ke3 Re4+ 50. Kd3 dxc4+ 51. bxc4
Rxf4 52. c5 Rf3+ 53. Kd4 Ra3 54. Ke5 Rxa2 55. Kxf5 Ra5 56. Rd7+ Kf8 57. Rc7 Ke8
58. Ke6 Kd8 59. Kd6 Ra6+ 1/2-1/2

[Event "Januariturneringen"]
[Site "?"]
[Date "2007.01.07"]
[Round "4"]
[White "Gylle, Per"]
[Black "Baghomian, Emin"]
[Result "0-1"]
[WhiteElo "1660"]
[BlackElo "1759"]
[PlyCount "156"]
[EventDate "2007.??.??"]

1. c4 c5 2. g3 g6 3. Bg2 e6 4. Nc3 Nc6 5. e4 Bg7 6. Nge2 Nge7 7. O-O O-O 8. d3
Nd4 9. a3 a5 10. b3 Nec6 11. Rb1 Qb6 12. Be3 d6 13. f4 Bd7 14. Rf2 Rfe8 15. h3
Re7 16. g4 Rae8 17. g5 Nxe2+ 18. Nxe2 d5 19. Ng3 d4 20. Bd2 f5 21. e5 Bf8 22.
h4 Rf7 23. Bf3 Qc7 24. Rh2 b6 25. Qf1 Bc8 26. Qh3 Rg7 27. h5 Kf7 28. hxg6+ hxg6
29. Kf2 Be7 30. Rbh1 Reg8 31. Qg2 Bb7 32. Rh8 Nd8 33. Rxg8 Kxg8 34. Bxb7 Qxb7
35. Qh3 Kf7 36. Qh8 Bf8 37. Rh6 Ke8 38. Rh1 Nf7 39. Qh2 Nd8 40. Qg1 Rh7 41.
Rxh7 Qxh7 42. Qg2 Be7 43. Kf1 Bf8 44. Nh1 Qb7 45. a4 Qxg2+ 46. Kxg2 Nc6 47. Kf3
Bg7 48. Nf2 Kf7 49. Nd1 Bxe5 50. fxe5 Nxe5+ 51. Ke2 Nc6 52. Nf2 e5 53. Kf3 Ke6
54. Be1 Kf7 55. Bd2 Nd8 56. Nh3 Ne6 57. Bc1 Nc7 58. Bd2 Ke6 59. Nf2 Ne8 60. Nh3
Ng7 61. Nf4+ exf4 62. Bxf4 Kd7 63. Be5 Ne6 64. Bf6 Kd6 65. Kg3 Kc6 66. Be7 Kd7
67. Bf6 Nc7 68. Kf4 Na6 69. Kf3 Nb4 70. Ke2 Nc6 71. Kf3 Ne7 72. Kf2 Nc6 73. Ke2
Nd8 74. Be5 Nf7 75. Bf6 Ke6 76. Kf2 f4 77. Ke2 Kf5 78. Kf3 Nxg5+ 0-1

[Event "Januariturneringen"]
[Site "?"]
[Date "2007.01.07"]
[Round "4"]
[White "Prokopic, Novak"]
[Black "Nyberg, Roger"]
[Result "1-0"]
[WhiteElo "1523"]
[BlackElo "1375"]
[PlyCount "90"]
[EventDate "2007.??.??"]

1. d4 Nf6 2. c4 e6 3. Bd2 g6 4. Bc3 Bg7 5. Qc2 O-O 6. h3 d5 7. e3 b6 8. Nd2 c5
9. Ngf3 Nc6 10. a3 Bb7 11. Bd3 Re8 12. Ne5 Nd7 13. Nxd7 Qxd7 14. Nf3 dxc4 15.
Bxc4 cxd4 16. Rd1 e5 17. O-O Rad8 18. Ng5 Re7 19. b4 h6 20. Nxf7 Kh7 21. Nxd8
Qxd8 22. Bd3 Re6 23. Be4 Ba6 24. Rfe1 Rd6 25. Bb2 Qe8 26. Rd2 Qe6 27. Rc1 Bb7
28. b5 Nb4 29. axb4 Bxe4 30. Qxe4 Qb3 31. exd4 Qxb4 32. Qd3 exd4 33. Ba3 Qxd2
34. Qxd2 Rd5 35. Qd3 Be5 36. Rc7+ Bxc7 37. Qe4 Re5 38. Qb1 d3 39. Qc1 Bb8 40.
g3 Rxb5 41. Bb2 a5 42. f4 Rb3 43. Kf2 b5 44. Bd4 a4 45. Qc6 d2 1-0

[Event "Januariturneringen"]
[Site "?"]
[Date "2007.01.07"]
[Round "4"]
[White "Josefsson, Kenneth"]
[Black "Lundberg, Magnus"]
[Result "1-0"]
[WhiteElo "1801"]
[BlackElo "1327"]
[PlyCount "65"]
[EventDate "2007.??.??"]

1. e4 e5 2. Nf3 Nc6 3. Bc4 h6 4. d4 exd4 5. Nxd4 Bc5 6. Be3 Nxd4 7. Bxd4 Bxd4
8. Qxd4 Qf6 9. e5 Qg6 10. Nc3 Ne7 11. O-O O-O 12. Bd3 Qg5 13. f4 Qg4 14. Nb5 c6
15. Nd6 Ng6 16. Bf5 Qh4 17. Rf3 Ne7 18. Be4 Nd5 19. Bxd5 cxd5 20. Qxd5 Kh8 21.
Raf1 f6 22. g3 Qg4 23. exf6 Rxf6 24. Rc3 Rf8 25. Re1 Rb8 26. Nf7+ Kh7 27. Qd6
Rxf7 28. Qxb8 Rf8 29. Rxc8 Rf6 30. Rh8+ Kg6 31. Qe8+ Rf7 32. Rf8 Qf5 33. Qxf7+
1-0

[Event "Januariturneringen"]
[Site "?"]
[Date "2007.01.07"]
[Round "5"]
[White "Carlsson, Eric"]
[Black "Hjorth, Gunnar"]
[Result "1/2-1/2"]
[WhiteElo "2062"]
[BlackElo "2222"]
[PlyCount "22"]
[EventDate "2007.??.??"]

1. Nf3 Nf6 2. g3 g6 3. b4 Bg7 4. Bb2 O-O 5. Bg2 d6 6. O-O c5 7. bxc5 dxc5 8. d3
Qb6 9. Qc1 Nc6 10. Nbd2 Qc7 11. Nc4 b6 1/2-1/2

[Event "Januariturneringen"]
[Site "?"]
[Date "2007.01.07"]
[Round "5"]
[White "Malmdin, Nils Åke"]
[Black "Persson, Per"]
[Result "1/2-1/2"]
[WhiteElo "2222"]
[BlackElo "1997"]
[PlyCount "82"]
[EventDate "2007.??.??"]

1. e4 c5 2. Nf3 d6 3. d4 cxd4 4. Nxd4 Nf6 5. Nc3 Nc6 6. Bc4 Qb6 7. Nb3 Ne5 8.
Be2 a6 9. O-O e6 10. Kh1 h5 11. a4 Bd7 12. f4 Neg4 13. Qe1 Rc8 14. a5 Qa7 15.
Bd3 Bc6 16. Na4 Nd7 17. Nb6 Nxb6 18. Be3 Nxe3 19. Qxe3 Be7 20. axb6 Qb8 21. c4
h4 22. h3 O-O 23. Nd4 Bf6 24. Ra5 Rce8 25. e5 Bd8 26. Nxc6 bxc6 27. Rxa6 c5 28.
Qe4 g6 29. Qc6 dxe5 30. Qxc5 exf4 31. Qb5 f3 32. Rxf3 e5 33. Be4 f5 34. Bd5+
Kg7 35. Qb4 e4 36. Ra7+ Kh6 37. Qd2+ Bg5 38. Qc3 Bf6 39. Qd2+ Bg5 40. Qc3 Bf6
41. Qd2+ Bg5 1/2-1/2

[Event "Januariturneringen"]
[Site "?"]
[Date "2007.01.07"]
[Round "5"]
[White "Kling, Anders"]
[Black "Stegeby, Henrik"]
[Result "1-0"]
[WhiteElo "2266"]
[BlackElo "1830"]
[PlyCount "87"]
[EventDate "2007.??.??"]

1. e4 c5 2. Nf3 d6 3. d4 cxd4 4. Nxd4 Nf6 5. Nc3 a6 6. f4 e5 7. Nf3 exf4 8.
Bxf4 Be7 9. Bd3 Nc6 10. Qe2 b5 11. O-O O-O 12. Kh1 Nh5 13. Bd2 Bg4 14. Nd5 Ne5
15. Qf2 Bxf3 16. gxf3 Nxd3 17. cxd3 f5 18. Qg2 Rf7 19. Bc3 Bf6 20. Nxf6+ Nxf6
21. Rg1 Raa7 22. Qh3 fxe4 23. fxe4 Qd7 24. Qh4 Qe7 25. Rg4 Nd7 26. Bxg7 Rxg7
27. Rxg7+ Qxg7 28. Rg1 Qxg1+ 29. Kxg1 Ne5 30. Qd8+ Kg7 31. Qxd6 Nf3+ 32. Kf2
Rf7 33. Ke3 Nh4 34. Qg3+ Ng6 35. h4 Kf8 36. d4 a5 37. d5 a4 38. h5 Ne7 39. Qb8+
Kg7 40. Qe5+ Kg8 41. Qe6 b4 42. d6 Kg7 43. dxe7 b3 44. h6+ 1-0

[Event "Januariturneringen"]
[Site "?"]
[Date "2007.01.07"]
[Round "5"]
[White "Wahlström, Arne"]
[Black "Fuentes, Ruben"]
[Result "1/2-1/2"]
[WhiteElo "2161"]
[BlackElo "1986"]
[PlyCount "129"]
[EventDate "2007.??.??"]

1. c4 e5 2. Nc3 Nf6 3. g3 Bb4 4. Bg2 O-O 5. d3 Nc6 6. Bd2 d6 7. Nd5 Bxd2+ 8.
Qxd2 Nxd5 9. cxd5 Ne7 10. Rc1 c6 11. dxc6 bxc6 12. Nf3 a5 13. O-O Be6 14. b3 h6
15. Qc2 Rb8 16. d4 a4 17. bxa4 Qa5 18. dxe5 dxe5 19. Qc5 Qxc5 20. Rxc5 f6 21.
Rfc1 Rb2 22. e3 Rxa2 23. Ne1 Rd8 24. Bxc6 Rdd2 25. Bb5 Rxf2 26. R5c2 Rfxc2 27.
Rxc2 Ra1 28. Kf2 Kf7 29. Rb2 Bd5 30. Ke2 Nc6 31. Kd2 Na5 32. Nd3 Bc4 33. Kc3
Bxd3 34. Kxd3 Ra3+ 35. Ke2 Ke6 36. Rc2 g5 37. g4 f5 38. gxf5+ Kxf5 39. Bd3+ Kg4
40. Bb5 Kf5 41. Rb2 Rb3 42. Bd7+ Kf6 43. Rxb3 Nxb3 44. Kf3 h5 45. Be8 g4+ 46.
Ke4 Ke6 47. Kd3 h4 48. Ke2 e4 49. Kf2 Ke5 50. Bd7 Nc5 51. Bb5 Nd3+ 52. Kg1 Kd6
53. Be8 Ne5 54. Kg2 Kc5 55. Bb5 Kb4 56. Kf2 Nd3+ 57. Kg2 Ne1+ 58. Kf1 Nc2 59.
Kf2 g3+ 60. hxg3 h3 61. g4 Nxe3 62. Kg3 Nxg4 63. Kxh3 Nf6 64. Kg3 Nd5 65. Kf2
1/2-1/2

[Event "Januariturneringen"]
[Site "?"]
[Date "2007.01.07"]
[Round "5"]
[White "Nilsson, Dennis"]
[Black "Baghomian, Emin"]
[Result "1-0"]
[WhiteElo "2070"]
[BlackElo "1759"]
[PlyCount "39"]
[EventDate "2007.??.??"]

1. e4 c5 2. c3 Nf6 3. e5 Nd5 4. d4 cxd4 5. cxd4 a6 6. Bc4 Nb6 7. Bb3 Nc6 8. Nf3
e6 9. O-O d6 10. Qe2 dxe5 11. dxe5 g6 12. Bg5 Nd4 13. Qe3 Nxf3+ 14. gxf3 Be7
15. Bxe7 Kxe7 16. Nc3 Nd5 17. Qc5+ Ke8 18. Ne4 f5 19. Nd6+ Kd7 20. Bxd5 1-0

[Event "Januariturneringen"]
[Site "?"]
[Date "2007.01.07"]
[Round "5"]
[White "Heijdenberg, Ronny"]
[Black "Kärrlander, Gunnar"]
[Result "1-0"]
[WhiteElo "1649"]
[BlackElo "1868"]
[PlyCount "69"]
[EventDate "2007.??.??"]

1. e4 e6 2. d4 d5 3. exd5 exd5 4. Nf3 Nc6 5. Be3 Nf6 6. c3 Bd6 7. Bd3 Bg4 8.
Nbd2 Qd7 9. Qc2 O-O 10. h3 Bh5 11. g4 Bg6 12. Bf5 Qe7 13. O-O-O Ne4 14. h4 Rae8
15. h5 Bxf5 16. gxf5 Qf6 17. h6 g6 18. fxg6 fxg6 19. Nh4 Bf4 20. Bxf4 Qxf4 21.
f3 Nxd2 22. Nxg6 Nb3+ 23. Kb1 Qf5 24. Nxf8 Qxc2+ 25. Kxc2 Nba5 26. Nd7 Re3 27.
Nf6+ Kf7 28. Nxh7 Nc4 29. Ng5+ Kg6 30. f4 Re2+ 31. Kc1 Rxb2 32. h7 Rxa2 33.
h8=Q N6a5 34. Qh7+ Kf6 35. Rh6# 1-0

[Event "Januariturneringen"]
[Site "?"]
[Date "2007.01.07"]
[Round "5"]
[White "Prokopic, Novak"]
[Black "Ahlin, Jim"]
[Result "0-1"]
[WhiteElo "1523"]
[BlackElo "1865"]
[PlyCount "128"]
[EventDate "2007.??.??"]

1. d4 Nf6 2. e3 e6 3. Bd2 c5 4. Nf3 b6 5. c4 Bb7 6. Bc3 d5 7. Nbd2 Nbd7 8. Qc2
Be7 9. Bd3 Qc7 10. Ne5 a6 11. Ndf3 b5 12. cxb5 c4 13. Bd2 axb5 14. Nxd7 Qxd7
15. Be2 O-O 16. O-O Ne4 17. a3 Nxd2 18. Qxd2 f6 19. Qc3 Ra7 20. Qc2 Rfa8 21. g3
b4 22. Nd2 Bc6 23. Rfb1 bxa3 24. bxa3 Bxa3 25. Rb6 Bd6 26. Rxa7 Rxa7 27. Bf3
Bc7 28. Rb2 Ra8 29. Qb1 c3 30. Rc2 cxd2 31. Rxd2 Rb8 32. Rb2 Rxb2 33. Qxb2 Kf7
34. Be2 g6 35. Bd3 Bd6 36. h4 f5 37. f4 Qb7 38. Qe2 Qb3 39. Kg2 Ba4 40. Kf3 Qd1
41. Kf2 Qxe2+ 42. Kxe2 Bb4 43. Kf2 Kf6 44. Be2 h5 45. Bd3 Ke7 46. Be2 Kd6 47.
Bd3 Kc7 48. Ba6 Bd7 49. Bd3 Kb6 50. Be2 Bb5 51. Bd1 Be7 52. Bc2 Ka5 53. Bd1 Kb4
54. Ke1 Kc3 55. Kf2 Kd2 56. Bf3 Bd3 57. Bg2 Be2 58. Bh3 Kd3 59. Bg2 Bb4 60. Bh3
Bd2 61. Bg2 Bxe3+ 62. Ke1 Bxd4 63. Bh1 Ke3 64. Bg2 Bc3# 0-1

[Event "Januariturneringen"]
[Site "?"]
[Date "2007.01.07"]
[Round "5"]
[White "Gylle, Per"]
[Black "Josefsson, Kenneth"]
[Result "1-0"]
[WhiteElo "1660"]
[BlackElo "1801"]
[PlyCount "99"]
[EventDate "2007.??.??"]

1. c4 g6 2. g3 Bg7 3. Bg2 Nf6 4. Nc3 O-O 5. d3 d6 6. Rb1 a5 7. b3 Na6 8. a3 Rb8
9. b4 axb4 10. axb4 c5 11. bxc5 dxc5 12. Nf3 Nh5 13. Bd2 Nb4 14. O-O Re8 15.
Ne1 e5 16. Nc2 Nxc2 17. Qxc2 f5 18. Rb5 b6 19. Rfb1 Ba6 20. Bd5+ Kh8 21. R5b2
Nf6 22. Bg5 h6 23. Bxf6 Qxf6 24. Na4 Qd8 25. Rxb6 Rxb6 26. Rxb6 Bc8 27. Rxg6
Qa5 28. Nc3 Qa1+ 29. Kg2 e4 30. Qa4 Qxa4 31. Nxa4 exd3 32. exd3 Kh7 33. Rb6 Bd4
34. Rb8 f4 35. Be4+ Kg7 36. Ra8 fxg3 37. hxg3 Rf8 38. f3 Be6 39. Ra6 Bg8 40.
Nb6 Rb8 41. f4 Be6 42. f5 Bg8 43. Kf3 Rd8 44. Ra7+ Kh8 45. Nd7 Bf7 46. Rc7 Be8
47. Nxc5 Be5 48. Rb7 Bd4 49. Ne6 Rc8 50. Nxd4 1-0

[Event "Januariturneringen"]
[Site "?"]
[Date "2007.01.07"]
[Round "5"]
[White "Nyberg, Roger"]
[Black "Lundberg, Magnus"]
[Result "1-0"]
[WhiteElo "1375"]
[BlackElo "1327"]
[PlyCount "57"]
[EventDate "2007.??.??"]

1. c4 e5 2. g3 d5 3. Bg2 c6 4. cxd5 cxd5 5. Nc3 Be6 6. e3 Nf6 7. Nge2 Be7 8.
O-O Nbd7 9. b3 h5 10. Bb2 Qc7 11. Rc1 Qd6 12. Nb5 Qb8 13. Nc7+ Kf8 14. d3 Bd6
15. Nxa8 Qxa8 16. Nc3 g5 17. h3 Nb6 18. Rc2 Qd8 19. Qc1 Qd7 20. Nb5 Bxh3 21.
Nxd6 Bxg2 22. Kxg2 Qxd6 23. Ba3 Qxa3 24. Qxa3+ Kg7 25. Qxa7 Nbd7 26. Rc7 h4 27.
Rh1 e4 28. d4 Rh7 29. Qxb7 1-0